000 00689nam a2200217 a 4500
001 64986
003 BD-RjUL
005 20211209081356.0
008 170226s1906 enkbc 000 0 eng
035 _a(BD-RjUL)65116
040 _aBD-RjUL
_cBD-RjUL
_dBD-RjUL
_beng
041 _aeng
082 _223
_a962.04
_bCOM 1906
100 1 _aColvin, Auckland,
_d1838-1908.
_9192659
245 1 4 _aThe making of modern Egypt /
_cby Sir Auckland Colvin.
260 _aLondon :
_bSeeley,
_c1906.
300 _axiv, 428 p. :
_bill. ;
_c23 cm.
651 0 _aEgypt
_xHistory
_yBritish occupation, 1882-1936.
_9191650
651 0 _aEgypt
_xPolitics and government
_y1882-1952.
_9192660
942 _2ddc
_cBK
999 _c64986
_d64986